000 00369 a2200169 4500
001 186480
020 _a85-08-04713-4
040 _cMagnum
100 _aMachado, Ana Maria
240 1 0 _aAvental que o vento leva
_lpor
245 1 0 _aAvental que o vento leva
300 _a24
362 0 _a2007
440 1 _aÁtica
697 _aLITERATURA INFANTIL
942 _cBK
999 _c186480
_d186480